[Event "V Festival A"]
[Site "Montecatini Terme"]
[Date "1996.07.??"]
[Round "1"]
[White "Mantovani, Renzo"]
[Black "Marinescu, Marian"]
[Result "1-0"]
[WhiteElo "2360"]
[BlackElo "2130"]
[PlyCount "68"]
[EventDate "1996.07.27"]
[EventType "swiss"]
[EventRounds "5"]
[EventCountry "ITA"]
[SourceDate "2005.09.12"]

1. d4 Nf6 2. Nf3 g6 3. Bg5 Bg7 4. Nbd2 d5 5. e3 O-O 6. c3 Bf5 7. Qb3 Nbd7 8.
Qxb7 Rb8 9. Qxa7 Rxb2 10. Be2 Re8 11. Bf4 c6 12. Qa3 Qb6 13. Nb3 Rc2 14. Rc1
Rxc1+ 15. Nxc1 Bf8 16. Qb3 Qa5 17. O-O Ra8 18. h3 Ne4 19. c4 Nc3 20. Bd3 Bxd3
21. Nxd3 Ne2+ 22. Kh1 Nxf4 23. Nxf4 e6 24. c5 Rb8 25. Qc2 Qb5 26. Rc1 Bg7 27.
Nd3 f6 28. Nd2 e5 29. Rb1 Qa6 30. Rxb8+ Nxb8 31. Qb3 Nd7 32. Nb4 Qa8 33. Nf3
Kf8 34. g3 h6 1-0

[Event "V Festival A"]
[Site "Montecatini Terme"]
[Date "1996.07.??"]
[Round "1"]
[White "Sax, Gyula"]
[Black "Mola, Pietro"]
[Result "1-0"]
[WhiteElo "2525"]
[BlackElo "2175"]
[PlyCount "67"]
[EventDate "1996.07.27"]
[EventType "swiss"]
[EventRounds "5"]
[EventCountry "ITA"]
[SourceDate "2005.09.12"]

1. e4 e5 2. Nf3 Nf6 3. Nxe5 d6 4. Nf3 Nxe4 5. d4 d5 6. Bd3 Be7 7. O-O Nc6 8. c4
Nf6 9. cxd5 Nxd5 10. Nc3 Be6 11. a3 O-O 12. Qc2 h6 13. Rd1 Bf6 14. h3 Nce7 15.
Ne4 c6 16. Be3 Qc8 17. Re1 Qc7 18. Nc5 Bd7 19. Qb3 Rab8 20. Qa4 Ra8 21. Bd2 Bf5
22. Ne4 Bxe4 23. Rxe4 Nb6 24. Qc2 Rad8 25. Rae1 Qd7 26. Qc1 Nf5 27. Bb4 Nd6 28.
Rg4 Kh8 29. Ne5 Qc8 30. Bb1 Qc7 31. Qc2 g6 32. Rxg6 fxg6 33. Nxg6+ Kg7 34. Ne7
1-0

[Event "V Festival A"]
[Site "Montecatini Terme"]
[Date "1996.07.??"]
[Round "2"]
[White "Albano, Marco"]
[Black "Castrogiovanni, Carlo"]
[Result "1-0"]
[WhiteElo "2230"]
[BlackElo "2095"]
[PlyCount "45"]
[EventDate "1996.07.27"]
[EventType "swiss"]
[EventRounds "5"]
[EventCountry "ITA"]
[SourceDate "2005.09.12"]

1. e4 d5 2. exd5 Nf6 3. c4 c6 4. d4 cxd5 5. Nc3 Nc6 6. Nf3 Bg4 7. Be2 e6 8. c5
Bxf3 9. Bxf3 Be7 10. O-O O-O 11. Be3 b6 12. Qa4 Qd7 13. b4 bxc5 14. bxc5 Rab8
15. Rab1 Rfd8 16. Bf4 Rxb1 17. Rxb1 Ne4 18. Nxe4 dxe4 19. Bxe4 Nxd4 20. Qxd7
Ne2+ 21. Kf1 Rxd7 22. c6 Rd4 23. c7 1-0

[Event "V Festival A"]
[Site "Montecatini Terme"]
[Date "1996.07.??"]
[Round "2"]
[White "Dobosz, Henryk"]
[Black "Pastorini, Mario"]
[Result "0-1"]
[WhiteElo "2375"]
[BlackElo "2210"]
[PlyCount "54"]
[EventDate "1996.07.27"]
[EventType "swiss"]
[EventRounds "5"]
[EventCountry "ITA"]
[SourceDate "2005.09.12"]

1. d4 Nf6 2. c4 e5 3. dxe5 Ng4 4. e4 Nxe5 5. a3 a5 6. f4 Nec6 7. Be3 Na6 8. Nc3
Bc5 9. Qd2 d6 10. Nf3 Be6 11. f5 Bd7 12. Nd5 Ne5 13. Qxa5 Bxe3 14. Nxe5 dxe5
15. Nxe3 Qh4+ 16. Kd2 Qxe4 17. Re1 O-O 18. Nd5 Qd4+ 19. Kc1 Nc5 20. Qxc7 Nb3+
21. Kb1 Qd2 22. Ne7+ Kh8 23. Qxe5 Nd4 24. Qe3 Qc2+ 25. Ka2 Ba4 26. Ka1 Bb3 27.
Qxd4 Rxa3+ 0-1

[Event "V Festival A"]
[Site "Montecatini Terme"]
[Date "1996.07.??"]
[Round "2"]
[White "Farago, Ivan"]
[Black "Ragonese, Lucio Rosario"]
[Result "1-0"]
[WhiteElo "2515"]
[BlackElo "2052"]
[PlyCount "25"]
[EventDate "1996.07.27"]
[EventType "swiss"]
[EventRounds "5"]
[EventCountry "ITA"]
[SourceDate "2005.09.12"]

1. d4 d5 2. c4 c6 3. Nc3 Nf6 4. Nf3 dxc4 5. a4 Bf5 6. Ne5 Nbd7 7. Nxc4 e6 8. f3
Bb4 9. Bd2 Nb6 10. e4 Bg6 11. Qb3 a5 12. Be2 Qxd4 13. Be3 1-0

[Event "V Festival A"]
[Site "Montecatini Terme"]
[Date "1996.07.??"]
[Round "2"]
[White "Mola, Pietro"]
[Black "Mollero, Michele"]
[Result "1-0"]
[WhiteElo "2175"]
[BlackElo "2030"]
[PlyCount "59"]
[EventDate "1996.07.27"]
[EventType "swiss"]
[EventRounds "5"]
[EventCountry "ITA"]
[SourceDate "2005.09.12"]

1. e4 Nf6 2. e5 Nd5 3. d4 d6 4. Nf3 Bg4 5. Be2 c6 6. O-O Bxf3 7. Bxf3 dxe5 8.
dxe5 e6 9. Qe2 Nd7 10. c4 Ne7 11. Bf4 Qc7 12. Nc3 h6 13. Rad1 O-O-O 14. Bh5 g6
15. Bg4 Bg7 16. Rfe1 Kb8 17. b4 Nf5 18. h3 g5 19. Bh2 Ne7 20. Bh5 Rhf8 21. b5
Ng6 22. bxc6 bxc6 23. Bxg6 fxg6 24. Rd6 Rfe8 25. Qe4 Rc8 26. Rb1+ Ka8 27. Nb5
Qb7 28. Nd4 Qc7 29. Rxc6 Nc5 30. Rxc5+ 1-0

[Event "V Festival A"]
[Site "Montecatini Terme"]
[Date "1996.07.??"]
[Round "2"]
[White "Satta, Vladimiro"]
[Black "Godena, Michele"]
[Result "0-1"]
[WhiteElo "2285"]
[BlackElo "2550"]
[PlyCount "94"]
[EventDate "1996.07.27"]
[EventType "swiss"]
[EventRounds "5"]
[EventCountry "ITA"]
[SourceDate "2005.09.12"]

1. g3 d5 2. Nf3 c6 3. Bg2 Bg4 4. O-O Nd7 5. d3 e5 6. Nbd2 Bd6 7. e4 Ngf6 8. Qe1
O-O 9. h3 Bh5 10. Nh4 Re8 11. Nf5 Bf8 12. Nf3 Qb6 13. b3 a5 14. N3h4 dxe4 15.
dxe4 a4 16. Be3 Bc5 17. Nd6 Red8 18. Bxc5 Nxc5 19. Nhf5 Ne6 20. Rb1 Qc7 21. Qb4
b5 22. g4 Bg6 23. Rfd1 h5 24. Qc3 Bxf5 25. Nxf5 hxg4 26. hxg4 axb3 27. axb3 g6
28. Ne3 Nf4 29. Qb4 Rd4 30. Rxd4 exd4 31. g5 dxe3 32. gxf6 exf2+ 33. Kxf2 Nh5
34. Qc3 Re8 35. Rf1 Re5 36. Kg1 Rg5 37. e5 Rxe5 38. Qxc6 Qa7+ 39. Kh2 Qb8 40.
Qa8 Qxa8 41. Bxa8 Re2+ 42. Kh3 Rxc2 43. Rf3 b4 44. Kh4 Rc3 45. Kg5 Rc5+ 46. Kh4
Kh7 47. Kg4 Kh6 0-1

[Event "V Festival A"]
[Site "Montecatini Terme"]
[Date "1996.07.??"]
[Round "2"]
[White "Van Rijn, Anton"]
[Black "Sax, Gyula"]
[Result "0-1"]
[WhiteElo "2265"]
[BlackElo "2525"]
[PlyCount "78"]
[EventDate "1996.07.27"]
[EventType "swiss"]
[EventRounds "5"]
[EventCountry "ITA"]
[SourceDate "2005.09.12"]

1. d4 Nf6 2. c4 e6 3. Nf3 c5 4. d5 exd5 5. cxd5 Bd6 6. Nc3 O-O 7. e4 Re8 8. Bd3
Bc7 9. O-O d6 10. h3 a6 11. a4 Nbd7 12. Bf4 Nf8 13. Nd2 Ng6 14. Bh2 Rb8 15. f4
Bd7 16. Nf3 c4 17. Bc2 b5 18. axb5 axb5 19. e5 b4 20. exf6 bxc3 21. bxc3 Qxf6
22. f5 Bxf5 23. Bxf5 Qxf5 24. Ne5 Qe4 25. Nxf7 Rb2 26. Qf3 Qxf3 27. Rxf3 Nh4
28. Rf4 Ng6 29. Rf3 h6 30. Bxd6 Bb6+ 31. Kh1 Ree2 32. h4 Nxh4 33. Ra8+ Kh7 34.
Rg3 g5 35. Nxh6 Rxg2 36. Rxg2 Rxg2 37. Nf7 Rg1+ 38. Kh2 Nf3+ 39. Kh3 g4# 0-1

[Event "V Festival A"]
[Site "Montecatini Terme"]
[Date "1996.07.??"]
[Round "3"]
[White "Godena, Michele"]
[Black "Rotstein, Arkadij"]
[Result "1-0"]
[WhiteElo "2550"]
[BlackElo "2475"]
[PlyCount "87"]
[EventDate "1996.07.27"]
[EventType "swiss"]
[EventRounds "5"]
[EventCountry "ITA"]
[SourceDate "2005.09.12"]

1. e4 c5 2. c3 Nf6 3. e5 Nd5 4. Nf3 e6 5. d4 cxd4 6. cxd4 b6 7. Bd3 Ba6 8. O-O
Be7 9. Nc3 Nxc3 10. bxc3 Bxd3 11. Qxd3 O-O 12. Bf4 Nc6 13. d5 exd5 14. Qxd5 Rc8
15. Rad1 Nb8 16. Nd4 Rxc3 17. Nf5 Rc5 18. Qf3 Rc6 19. Rd3 Rg6 20. Qh5 Bg5 21.
Rh3 h6 22. Bg3 Nc6 23. f4 Be7 24. Bh4 Bc5+ 25. Kh1 Qa8 26. Ng3 Nb4 27. f5 Nd3
28. Qe2 Nf2+ 29. Rxf2 Bxf2 30. fxg6 fxg6 31. Nf1 Bxh4 32. Rxh4 Qd5 33. h3 Rf5
34. Ne3 Qxe5 35. Qc4+ Rf7 36. Re4 Qf6 37. Re8+ Kh7 38. Qc8 Qa1+ 39. Kh2 g5 40.
Rh8+ Kg6 41. Qc2+ Kf6 42. Qf5+ Ke7 43. Qe4+ Kd6 44. Nc4+ 1-0

[Event "V Festival A"]
[Site "Montecatini Terme"]
[Date "1996.07.??"]
[Round "3"]
[White "Liguori, Renato"]
[Black "Albano, Marco"]
[Result "0-1"]
[WhiteElo "1976"]
[BlackElo "2230"]
[PlyCount "136"]
[EventDate "1996.07.27"]
[EventType "swiss"]
[EventRounds "5"]
[EventCountry "ITA"]
[SourceDate "2005.09.12"]

1. d4 Nf6 2. c4 e6 3. Nf3 Bb4+ 4. Bd2 Bxd2+ 5. Nbxd2 d5 6. e3 O-O 7. Be2 Nbd7
8. Rc1 b6 9. O-O c5 10. cxd5 Nxd5 11. Ne4 cxd4 12. Nxd4 Ne5 13. Qb3 Bd7 14.
Rfd1 Qh4 15. Ng3 Rfd8 16. Qa3 Be8 17. Ba6 Ng4 18. Nf3 Qf6 19. Ne4 Qe7 20. Qxe7
Nxe7 21. h3 Rxd1+ 22. Rxd1 Nf6 23. Nxf6+ gxf6 24. Rd4 Nf5 25. Rf4 Kg7 26. Bd3
Ne7 27. Rg4+ Ng6 28. Ba6 Bc6 29. Nd4 Bd5 30. a3 h5 31. Rg3 h4 32. Rg4 f5 33.
Rg5 Kh6 34. f4 f6 35. Nxf5+ exf5 36. Rxf5 Be4 37. Rxf6 Kg7 38. Re6 Bf5 39. Rc6
Re8 40. Rc7+ Re7 41. Rxe7+ Nxe7 42. Kf2 Be4 43. g3 hxg3+ 44. Kxg3 Nf5+ 45. Kf2
Kf6 46. Be2 Ke6 47. Bg4 Kd5 48. Bf3 a5 49. b4 axb4 50. axb4 Nh4 51. Bxe4+ Kxe4
52. Kg3 Nf5+ 53. Kg4 Nxe3+ 54. Kg5 Nf5 55. Kg4 b5 56. Kg5 Nd4 57. Kg4 Nc6 58.
f5 Nxb4 59. f6 Nc6 60. h4 b4 61. h5 b3 62. Kg5 Nd8 63. Kg6 b2 64. f7 Nxf7 65.
Kxf7 b1=Q 66. h6 Kf5 67. h7 Qb7+ 68. Kg8 Kg6 0-1

[Event "V Festival A"]
[Site "Montecatini Terme"]
[Date "1996.07.??"]
[Round "3"]
[White "Sarno, Spartaco"]
[Black "Palac, Mladen"]
[Result "1/2-1/2"]
[WhiteElo "2410"]
[BlackElo "2540"]
[PlyCount "61"]
[EventDate "1996.07.27"]
[EventType "swiss"]
[EventRounds "5"]
[EventCountry "ITA"]
[SourceDate "2005.09.12"]

1. c4 Nf6 2. Nf3 c5 3. g3 d5 4. cxd5 Nxd5 5. Bg2 Nc6 6. Nc3 Nc7 7. O-O e5 8. d3
Be7 9. Nd2 Bd7 10. Nc4 f6 11. f4 b5 12. Ne3 exf4 13. gxf4 Rb8 14. a4 b4 15.
Ncd5 O-O 16. f5 Nxd5 17. Nxd5 Bd6 18. Nf4 Nd4 19. Bd5+ Kh8 20. e4 Qe8 21. Ng6+
hxg6 22. Qg4 Be6 23. Bxe6 Nxe6 24. fxg6 Rf7 25. Qh5+ Kg8 26. gxf7+ Qxf7 27.
Qxf7+ Kxf7 28. Be3 Be5 29. Rab1 Rh8 30. Rf2 Rh3 31. Re1 1/2-1/2

[Event "V Festival A"]
[Site "Montecatini Terme"]
[Date "1996.07.??"]
[Round "4"]
[White "Albano, Marco"]
[Black "Ortega, Lexy"]
[Result "0-1"]
[WhiteElo "2230"]
[BlackElo "2495"]
[PlyCount "66"]
[EventDate "1996.07.27"]
[EventType "swiss"]
[EventRounds "5"]
[EventCountry "ITA"]
[SourceDate "2005.09.12"]

1. e4 c5 2. Nf3 d6 3. d4 cxd4 4. Qxd4 Nc6 5. Bb5 Bd7 6. Bxc6 Bxc6 7. Nc3 Nf6 8.
Bg5 e6 9. O-O-O Qa5 10. Kb1 Be7 11. h4 h6 12. Bc1 O-O 13. Nd2 b5 14. f3 e5 15.
Qd3 b4 16. Nb3 Qc7 17. Nd5 Bxd5 18. exd5 a5 19. g4 a4 20. Nd2 Ra5 21. Ne4 Nxd5
22. g5 h5 23. g6 a3 24. gxf7+ Rxf7 25. Qb3 axb2 26. Bxb2 Nc3+ 27. Bxc3 bxc3 28.
Nxc3 Kf8 29. Nb5 Qc6 30. c4 Rf4 31. Rc1 d5 32. Qc3 Ra4 33. Qxe5 Rb4+ 0-1

[Event "V Festival A"]
[Site "Montecatini Terme"]
[Date "1996.07.??"]
[Round "4"]
[White "Malakhov, Vladimir"]
[Black "Mantovani, Renzo"]
[Result "1-0"]
[WhiteElo "2515"]
[BlackElo "2360"]
[PlyCount "97"]
[EventDate "1996.07.27"]
[EventType "swiss"]
[EventRounds "5"]
[EventCountry "ITA"]
[SourceDate "2005.09.12"]

1. e4 c5 2. Nf3 d6 3. d4 cxd4 4. Nxd4 Nf6 5. f3 e5 6. Nb3 Be6 7. c4 Be7 8. Nc3
O-O 9. Be3 Nbd7 10. Be2 Rc8 11. Nd5 Bxd5 12. cxd5 Nh5 13. g3 Bg5 14. Bf2 g6 15.
O-O Ng7 16. Bd3 h5 17. Qe1 b6 18. Qe2 Nc5 19. Bc2 h4 20. Bxc5 bxc5 21. f4 Bf6
22. Nd2 hxg3 23. hxg3 exf4 24. gxf4 Bxb2 25. Rab1 Rb8 26. Nc4 Bd4+ 27. Kg2 Rxb1
28. Bxb1 Re8 29. Qg4 Qe7 30. Rh1 Rb8 31. Bd3 Qf6 32. Kf3 Qe7 33. Rh2 Qf6 34.
Kg2 Qe7 35. Kh1 Qf6 36. Rh3 Qe7 37. e5 dxe5 38. fxe5 Qb7 39. Qe4 Nf5 40. Qg2
Ng7 41. e6 fxe6 42. Qxg6 Qxd5+ 43. Be4 Rb1+ 44. Kh2 Be5+ 45. Kg2 Rb2+ 46. Nxb2
Qd2+ 47. Kf3 Kf8 48. Nd3 Bd4 49. Kg4 1-0

[Event "V Festival A"]
[Site "Montecatini Terme"]
[Date "1996.07.??"]
[Round "4"]
[White "Mariotti, Sergio"]
[Black "Retera, Joost"]
[Result "1-0"]
[WhiteElo "2435"]
[BlackElo "2190"]
[PlyCount "75"]
[EventDate "1996.07.27"]
[EventType "swiss"]
[EventRounds "5"]
[EventCountry "ITA"]
[SourceDate "2005.09.12"]

1. e4 c6 2. d4 d5 3. exd5 cxd5 4. c4 Nf6 5. Nc3 e6 6. c5 b6 7. b4 a5 8. Na4
Nfd7 9. Bb5 bxc5 10. bxc5 Ba6 11. Qb3 Bxb5 12. Qxb5 Qc7 13. Ne2 Qc6 14. Nac3
Be7 15. Be3 O-O 16. Rb1 Qxb5 17. Rxb5 Nc6 18. Kd2 Rfb8 19. Rhb1 f6 20. Rb7 Rxb7
21. Rxb7 Ra7 22. Rxa7 Nxa7 23. Kc2 Kf7 24. Kb3 e5 25. Ka4 exd4 26. Bxd4 Nc6 27.
Be3 d4 28. Nxd4 Nxc5+ 29. Kb5 Nxd4+ 30. Bxd4 Nd3 31. Kxa5 Ne1 32. Kb5 Nxg2 33.
a4 Nh4 34. a5 Nf5 35. Bb6 Bd6 36. a6 Bb8 37. Kc6 Nd6 38. Bc7 1-0

[Event "V Festival A"]
[Site "Montecatini Terme"]
[Date "1996.07.??"]
[Round "4"]
[White "Pavasovic, Dusko"]
[Black "Conquest, Stuart C"]
[Result "0-1"]
[WhiteElo "2495"]
[BlackElo "2585"]
[PlyCount "102"]
[EventDate "1996.07.27"]
[EventType "swiss"]
[EventRounds "5"]
[EventCountry "ITA"]
[SourceDate "2005.09.12"]

1. e4 Nf6 2. Nc3 e5 3. Nf3 d6 4. d4 exd4 5. Nxd4 Be7 6. Bf4 O-O 7. Be2 Re8 8.
Qd2 Nc6 9. O-O Nxd4 10. Qxd4 Be6 11. Rad1 Nd7 12. Nd5 Bf8 13. Rfe1 a5 14. Bf1
a4 15. h3 g6 16. Qd2 Bg7 17. Bg5 Qb8 18. b3 axb3 19. axb3 Ra2 20. Nc3 Ra5 21.
Nb5 Ra2 22. Nc3 Ra5 23. Bh6 Bh8 24. Nb5 Ra2 25. Nd4 Nc5 26. Nxe6 Nxe6 27. b4
Nd4 28. Bd3 c5 29. Qf4 Be5 30. Qg4 cxb4 31. f4 Bh8 32. e5 dxe5 33. Bc4 Qa7 34.
Bxa2 Nf5+ 35. Kh1 Qxa2 36. Bg5 e4 37. Kh2 Qxc2 38. Rc1 Qa2 39. Qd1 h6 40. Bd8
Qf2 41. Bc7 e3 42. Qa4 Re4 43. Qa8+ Kh7 44. Qxb7 Re7 45. Qxb4 Nh4 46. Qb7 e2
47. Qd5 Rxc7 48. Rxc7 Qxf4+ 49. Kg1 Bd4+ 50. Kh1 Qf1+ 51. Kh2 Be5+ 0-1

[Event "V Festival A"]
[Site "Montecatini Terme"]
[Date "1996.07.30"]
[Round "4"]
[White "Zoldan, Matteo"]
[Black "Radice, Luca"]
[Result "0-1"]
[WhiteElo "2160"]
[BlackElo "1932"]
[PlyCount "62"]
[EventDate "1996.07.27"]
[EventType "swiss"]
[EventRounds "5"]
[EventCountry "ITA"]
[SourceDate "2005.09.12"]

1. c4 g6 2. Nc3 Bg7 3. e4 d6 4. d4 Nf6 5. f3 O-O 6. Be3 e5 7. Nge2 c6 8. d5 b5
9. Nc1 b4 10. N3e2 Nh5 11. Nd3 f5 12. Qd2 Nf6 13. exf5 cxd5 14. cxd5 Nxd5 15.
Bg5 Qb6 16. fxg6 Bf5 17. gxh7+ Bxh7 18. Nf2 Nf4 19. g3 Nh5 20. Be3 Qb7 21. Bg2
Rxf3 22. Rd1 Nf6 23. Qxd6 Nbd7 24. O-O Re8 25. h3 e4 26. Bxf3 exf3 27. Nf4 Rxe3
28. Rd4 Bf8 29. Rxb4 Qxb4 30. Qxb4 Bxb4 31. N2d3 Bxd3 0-1

[Event "V Festival A"]
[Site "Montecatini Terme"]
[Date "1996.07.??"]
[Round "5"]
[White "Bartolini, Tommaso"]
[Black "Lagumina, Giulio"]
[Result "1-0"]
[WhiteElo "2120"]
[BlackElo "2260"]
[PlyCount "49"]
[EventDate "1996.07.27"]
[EventType "swiss"]
[EventRounds "5"]
[EventCountry "ITA"]
[SourceDate "2005.09.12"]

1. d4 d5 2. Bg5 h6 3. Bh4 c6 4. Nd2 Qb6 5. e3 Qxb2 6. Bd3 Nf6 7. Ngf3 Nbd7 8.
O-O e6 9. c4 Be7 10. a4 Qb6 11. Ne5 Qd8 12. f4 c5 13. f5 exf5 14. Nxf7 Kxf7 15.
Bxf5 g6 16. Bd3 Kg7 17. Qf3 Rf8 18. cxd5 Nh5 19. Qe4 Rf6 20. Bxf6+ Ndxf6 21.
Qxg6+ Kh8 22. Qxh6+ Kg8 23. Qg6+ Kh8 24. d6 Qxd6 25. Ne4 1-0

[Event "V Festival A"]
[Site "Montecatini Terme"]
[Date "1996.07.??"]
[Round "5"]
[White "De Vita, Gianni"]
[Black "Albano, Marco"]
[Result "0-1"]
[WhiteElo "2090"]
[BlackElo "2230"]
[PlyCount "48"]
[EventDate "1996.07.27"]
[EventType "swiss"]
[EventRounds "5"]
[EventCountry "ITA"]
[SourceDate "2005.09.12"]

1. e4 e5 2. Nf3 Nc6 3. Bc4 Nf6 4. d3 Bc5 5. c3 d6 6. Bb3 O-O 7. O-O Bb6 8. Nbd2
Ne7 9. Nc4 Ng6 10. Nxb6 axb6 11. h3 Qe7 12. Nh2 Be6 13. Bxe6 fxe6 14. Be3 d5
15. Bg5 h6 16. Bxf6 Qxf6 17. exd5 exd5 18. Qf3 Qe6 19. Qe3 Rf5 20. Nf3 c5 21.
a4 Raf8 22. a5 Rxf3 23. gxf3 Nf4 24. Ra4 Qg6+ 0-1

[Event "V Festival A"]
[Site "Montecatini Terme"]
[Date "1996.07.??"]
[Round "5"]
[White "Farina, Saverio"]
[Black "Farago, Ivan"]
[Result "0-1"]
[WhiteElo "2210"]
[BlackElo "2515"]
[PlyCount "53"]
[EventDate "1996.07.27"]
[EventType "swiss"]
[EventRounds "5"]
[EventCountry "ITA"]
[SourceDate "2005.09.12"]

1. d4 Nf6 2. c4 e6 3. a3 b6 4. Nc3 Bb7 5. f3 d5 6. cxd5 exd5 7. Bg5 Be7 8. e3
O-O 9. Bd3 Nh5 10. f4 g6 11. Nf3 Bxg5 12. Nxg5 Qe7 13. Kf2 Re8 14. Qf3 h6 15.
Nh3 Qh4+ 16. Ke2 c5 17. Kd2 cxd4 18. exd4 Nc6 19. Ne2 Na5 20. Rae1 Nb3+ 21. Kd1
Rac8 22. Qf2 Qg4 23. Bc2 Na1 24. Ba4 b5 25. Bxb5 Nb3 26. Qf3 Rxe2 27. Qxb3 0-1

[Event "V Festival A"]
[Site "Montecatini Terme"]
[Date "1996.07.??"]
[Round "5"]
[White "Godena, Michele"]
[Black "Zelcic, Robert"]
[Result "1-0"]
[WhiteElo "2550"]
[BlackElo "2485"]
[PlyCount "101"]
[EventDate "1996.07.27"]
[EventType "swiss"]
[EventRounds "5"]
[EventCountry "ITA"]
[SourceDate "2005.09.12"]

1. e4 Nf6 2. e5 Nd5 3. d4 d6 4. Nf3 dxe5 5. Nxe5 g6 6. Bc4 c6 7. O-O Bg7 8. Re1
O-O 9. c3 Nd7 10. Nd3 N7f6 11. Nd2 Bg4 12. Nf3 e6 13. h3 Bxf3 14. Qxf3 Nd7 15.
Bd2 a5 16. a4 b5 17. axb5 N5b6 18. b3 Nxc4 19. bxc4 cxb5 20. cxb5 Qb6 21. Reb1
Rfc8 22. d5 exd5 23. Qxd5 Rd8 24. Qf3 a4 25. Bg5 Re8 26. Qc6 Qxc6 27. bxc6 Nf8
28. Ra3 Ne6 29. Be3 Bf8 30. Nb4 Nc7 31. Ra2 Rec8 32. Rba1 Nb5 33. Nd5 Rxc6 34.
Rxa4 Rd8 35. Ra8 Rcd6 36. Rxd8 Rxd8 37. Rd1 Kg7 38. c4 Na3 39. Bd4+ Kh6 40.
Be3+ g5 41. h4 f6 42. c5 Nc4 43. hxg5+ fxg5 44. c6 Rc8 45. c7 Nxe3 46. fxe3 Bc5
47. Kf2 Kh5 48. Rh1+ Kg4 49. Rxh7 Bd6 50. Rd7 Be5 51. Rd8 1-0

[Event "V Festival A"]
[Site "Montecatini Terme"]
[Date "1996.07.??"]
[Round "6"]
[White "Albano, Marco"]
[Black "Gofshtein, Leonid D"]
[Result "1/2-1/2"]
[WhiteElo "2230"]
[BlackElo "2545"]
[PlyCount "95"]
[EventDate "1996.07.27"]
[EventType "swiss"]
[EventRounds "5"]
[EventCountry "ITA"]
[SourceDate "2005.09.12"]

1. e4 c5 2. Nf3 Nc6 3. d4 cxd4 4. Nxd4 Qc7 5. Nc3 e6 6. Be3 a6 7. g3 Nf6 8. Bg2
Ne5 9. O-O Bc5 10. Bf4 d6 11. Nb3 Ba7 12. Bxe5 dxe5 13. Qd2 Bd7 14. Rad1 Ke7
15. h3 b5 16. a3 Rhd8 17. Qe2 Rab8 18. Rd2 a5 19. Rfd1 b4 20. axb4 Rxb4 21. Na2
Rb7 22. Qd3 Rdb8 23. Qa6 Bb6 24. Qd3 a4 25. Nbc1 Ba5 26. Qa3+ Ke8 27. c3 Bc6
28. Nd3 Rb3 29. Qc5 Nd7 30. Qe3 a3 31. bxa3 Rxa3 32. Nab4 Bxb4 33. cxb4 Bb5 34.
Qg5 Bxd3 35. Rxd3 Rxd3 36. Rxd3 Rxb4 37. Qxg7 Rb1+ 38. Kh2 Nf8 39. h4 Qc5 40.
Rf3 Qc7 41. Qf6 Rc1 42. h5 Rc3 43. Rxc3 Qxc3 44. h6 Qc5 45. Kg1 Nd7 46. Qh8+
Nf8 47. Qf6 Nd7 48. Qh8+ 1/2-1/2

[Event "V Festival A"]
[Site "Montecatini Terme"]
[Date "1996.07.??"]
[Round "6"]
[White "Emms, John M"]
[Black "Conquest, Stuart C"]
[Result "1-0"]
[WhiteElo "2500"]
[BlackElo "2585"]
[PlyCount "57"]
[EventDate "1996.07.27"]
[EventType "swiss"]
[EventRounds "5"]
[EventCountry "ITA"]
[SourceDate "2005.09.12"]

1. e4 d5 2. exd5 Qxd5 3. Nc3 Qa5 4. Nf3 Nf6 5. d4 c6 6. Bc4 Bf5 7. Bd2 e6 8.
Nd5 Qd8 9. Nxf6+ Qxf6 10. Ne5 Nd7 11. Nxd7 Qxd4 12. Qe2 Qxd7 13. O-O-O Be7 14.
g4 Bg6 15. Bc3 Qc8 16. Bxg7 Rg8 17. Be5 b5 18. Bd3 a5 19. f4 a4 20. Rhf1 f6 21.
Bd4 Bxd3 22. Qxd3 c5 23. Qxh7 Rf8 24. Be3 Qc6 25. f5 a3 26. b3 c4 27. fxe6 Qxe6
28. Rfe1 cxb3 29. Bc5 1-0

[Event "V Festival A"]
[Site "Montecatini Terme"]
[Date "1996.07.??"]
[Round "6"]
[White "Sedina, Elena"]
[Black "Drazic, Sinisa"]
[Result "1-0"]
[WhiteElo "2345"]
[BlackElo "2475"]
[PlyCount "76"]
[EventDate "1996.07.27"]
[EventType "swiss"]
[EventRounds "5"]
[EventCountry "ITA"]
[SourceDate "2005.09.12"]

1. e4 e6 2. d3 c5 3. Nf3 Nc6 4. g3 d5 5. Nbd2 Bd6 6. Bg2 Nge7 7. O-O O-O 8. Nh4
f5 9. f4 Bc7 10. exd5 exd5 11. Ndf3 h6 12. Re1 b6 13. c3 Qd6 14. Be3 Be6 15.
Bf2 Rad8 16. Qd2 Bf7 17. Re2 Qd7 18. Rae1 Kh7 19. b4 Bd6 20. b5 Nb8 21. a4 Qc7
22. Ne5 Be8 23. Qc2 Rf6 24. c4 Bh5 25. Bf3 Bxf3 26. Nhxf3 d4 27. a5 Re6 28.
axb6 axb6 29. Nf7 Rxe2 30. Qxe2 Rd7 31. Qe6 Ng6 32. N3g5+ hxg5 33. Nxg5+ Kh6
34. Qg8 Bxf4 35. Ne6 Qd6 36. Nxf4 Nxf4 37. gxf4 Re7 38. Rxe7 Qxe7 1-0

[Event "V Festival A"]
[Site "Montecatini Terme"]
[Date "1996.07.??"]
[Round "7"]
[White "Arlandi, Ennio"]
[Black "Mantovani, Renzo"]
[Result "1-0"]
[WhiteElo "2445"]
[BlackElo "2360"]
[PlyCount "71"]
[EventDate "1996.07.27"]
[EventType "swiss"]
[EventRounds "5"]
[EventCountry "ITA"]
[SourceDate "2005.09.12"]

1. d4 Nf6 2. c4 c5 3. d5 g6 4. Nc3 Bg7 5. e4 O-O 6. Nf3 d6 7. h3 e6 8. Bd3 exd5
9. cxd5 a6 10. a4 Re8 11. O-O Nh5 12. Bg5 Bf6 13. Be3 Nd7 14. Nd2 Bd4 15. Bxd4
cxd4 16. Ne2 Ne5 17. Ra3 Bd7 18. Bb1 b5 19. axb5 Bxb5 20. f4 Qb6 21. Rf2 d3 22.
fxe5 dxe2 23. Qe1 Rxe5 24. g4 Nf4 25. Kh2 g5 26. Nf3 Rc8 27. Kg3 f6 28. h4 h6
29. hxg5 hxg5 30. Rh2 Qa7 31. Rc3 Rxc3 32. Qxc3 Kg7 33. Qc1 Bd3 34. Qh1 e1=Q+
35. Qxe1 Rxe4 36. Rh7+ 1-0

[Event "V Festival A"]
[Site "Montecatini Terme"]
[Date "1996.07.??"]
[Round "7"]
[White "Mola, Pietro"]
[Black "Di Lazzaro, Gabriele"]
[Result "1/2-1/2"]
[WhiteElo "2175"]
[BlackElo "2095"]
[PlyCount "62"]
[EventDate "1996.07.27"]
[EventType "swiss"]
[EventRounds "5"]
[EventCountry "ITA"]
[SourceDate "2005.09.12"]

1. e4 g6 2. d4 Bg7 3. Nc3 c6 4. Nf3 d6 5. a4 Nf6 6. Be2 O-O 7. h3 Qc7 8. O-O
Nbd7 9. Be3 b6 10. Qd2 Rd8 11. Rad1 a6 12. e5 Ne8 13. Bg5 Nf8 14. exd6 Nxd6 15.
Rfe1 Ne6 16. Be3 Nf5 17. d5 Bb7 18. dxe6 Rxd2 19. exf7+ Kh8 20. Bxd2 h6 21. Bd3
c5 22. Re6 Kh7 23. Nh2 Nh4 24. Rde1 Bf6 25. Ng4 Rf8 26. Nxf6+ exf6 27. Re7 Qc6
28. Bf1 Nf5 29. R7e6 Qd7 30. Bf4 Rxf7 31. Rxb6 Nd4 1/2-1/2

[Event "V Festival A"]
[Site "Montecatini Terme"]
[Date "1996.07.??"]
[Round "7"]
[White "Rotstein, Arkadij"]
[Black "Malakhov, Vladimir"]
[Result "1-0"]
[WhiteElo "2475"]
[BlackElo "2515"]
[PlyCount "71"]
[EventDate "1996.07.27"]
[EventType "swiss"]
[EventRounds "5"]
[EventCountry "ITA"]
[SourceDate "2005.09.12"]

1. d4 c5 2. d5 d6 3. e4 Nf6 4. Nc3 g6 5. f4 Bg7 6. Bb5+ Nfd7 7. Nf3 O-O 8. O-O
a6 9. Be2 b5 10. Qe1 Nf6 11. e5 dxe5 12. fxe5 Nxd5 13. Ne4 Bf5 14. Qh4 Bxe4 15.
Ng5 h6 16. Nxe4 Qc7 17. e6 Qe5 18. exf7+ Rxf7 19. Rxf7 Kxf7 20. Bxh6 Bxh6 21.
Qxh6 Qxe4 22. Bf3 Qd4+ 23. Kh1 Nd7 24. Rd1 Rh8 25. Bxd5+ Qxd5 26. Rf1+ Nf6 27.
Qxh8 Qe4 28. Qh7+ Ke8 29. Qh8+ Kf7 30. Qh3 c4 31. Qc3 Ke8 32. Re1 Qc6 33. Qe5
Nd5 34. Qe6 Qxe6 35. Rxe6 a5 36. Rxg6 1-0